000 00639na a2200229 4500
001 13966
003 MIRAKIL
005 20181213154847.0
008 160822b tu 000 0
020 _a975008070X
035 _a13966
040 _aMilas
_btur
_cTR-AnCHP
082 _aATA 923.156
_bÖ91ö 2006
090 _aATA 923.156 Ö91ö 2006
100 _aÖzbay, Turgut
245 _aÖnderimiz Mustafa Kemal Atatürk'e mektup
_cTurgut Özbay
260 _aAnkara
_b[yayl.y.]
_c2006
300 _a20 s.
_c18 sm.
504 _aKaynakça var.
600 _aAtatürk, Mustafa Kemal
_d1881-1938
_xAnma kitapları
942 _2dcc
_cBKS
999 _c2164
_d2164